header

The church of Constantinople in the nineteenth century (Record no. 61816)

MARC details
000 -LEADER
fixed length control field 02277nam a2200445 a 4500
082 04 - DEWEY DECIMAL CLASSIFICATION NUMBER
Classification number 281.9/4961009034
100 1# - MAIN ENTRY--AUTHOR NAME
Personal name Sokolov, I. I.
245 14 - TITLE STATEMENT
Title The church of Constantinople in the nineteenth century
260 ## - PUBLICATION, DISTRIBUTION, ETC. (IMPRINT)
Place of publication Oxford ;
-- New York :
Name of publisher P. Lang,
Year of publication 2013.
300 ## - PHYSICAL DESCRIPTION
Number of Pages xvi, 1025 p.
490 1# - SERIES STATEMENT
Series statement Byzantine and neohellenic studies,
500 ## - GENERAL NOTE
General note "The original Russian text was published in St. Petersburg, at the Press of M. Akinfiev and I. Leontiv in 1904"--T.p. verso.
505 0# - FORMATTED CONTENTS NOTE
Formatted contents note pt. I. The external condition of the Church of Constantinople in the nineteenth century -- pt. II. Review of the activity of the patriarchs of Constantinople in the nineteenth century -- pt. III. Patriarchal administration in the Church of Constantinople in the nineteenth century.
650 #0 - SUBJECT ADDED ENTRY--TOPICAL TERM
Topical Term Christians
Topical Term Eastern question (Balkan)
700 1# - ADDED ENTRY--PERSONAL NAME
Personal name Sakharov, Nikolai.
856 40 - ELECTRONIC LOCATION AND ACCESS
Uniform Resource Identifier http://site.ebrary.com/lib/rucke/Doc?id=10670775

No items available.

© 2026 Rongo University
Contact us: librarian | system librarian | Rongo university